|
|
|
|
| LEADER |
00000nam0a2200000 4500 |
| 001 |
128566 |
| 005 |
20231031132842.0 |
| 020 |
|
|
|a RU
|b 82-90780
|
| 035 |
|
|
|a (RuTPU)RU\TPU\book\139078
|
| 090 |
|
|
|a 128566
|
| 100 |
|
|
|a 20071229d1981 k a0rusy5003 ca
|
| 101 |
0 |
|
|a rus
|
| 102 |
|
|
|a RU
|
| 105 |
|
|
|a a z 001zy
|
| 200 |
1 |
|
|a Производство углеродных материалов
|e сборник научных трудов
|f НИИГрафит ; под ред. В. И. Костикова
|
| 210 |
|
|
|a Москва
|c НИИграфит
|d 1981
|
| 215 |
|
|
|a 134 с.
|c ил.
|d 21 см
|
| 320 |
|
|
|a Библиогр. в конце ст.
|
| 610 |
1 |
|
|a углеродные материалы
|
| 610 |
1 |
|
|a углеграфитовые материалы
|
| 610 |
1 |
|
|a производство
|
| 610 |
1 |
|
|a научные статьи
|
| 610 |
1 |
|
|a сырье
|
| 610 |
1 |
|
|a эксплуатационная надежность
|
| 610 |
1 |
|
|a методы исследования
|
| 675 |
|
|
|a 661.666
|z rus
|
| 702 |
|
1 |
|a Костиков
|b В. И.
|4 340
|
| 712 |
0 |
2 |
|a Государственный научно-исследовательский институт конструкционных материалов на основе графита (НИИГрафит)
|2 stltpush
|3 (RuTPU)RU\TPU\col\12542
|
| 801 |
|
0 |
|a RU
|b RuMRKP
|c 19950704
|g psbo
|
| 801 |
|
1 |
|a RU
|b 63413507
|c 20071229
|g PSBO
|
| 801 |
|
2 |
|a RU
|b 63413507
|c 20080411
|g PSBO
|
| 942 |
|
|
|c BK
|